000 00661nam a2200193 i 4500
001 21443
003 ES-MaACL
005 20250910063056.0
007 t|
008 021125s1879 sp ||||1| spa d
100 1 _aAlcalá Galiano, Pelayo,
_d1840-1935
_919461
245 1 0 _aMemoria sobre Santa Cruz de Mar Pequeña y las pesquerías en la costa Noroeste de Africa /
_cPelayo Alcalá Galiano.
260 _aMadrid :
_b[s.n.],
_c1879.
651 4 _aEspaña-
_xRelaciones-
_zMarruecos.
_98470
651 4 _aMarruecos-
_xRelaciones-
_zEspaña.
_99034
651 4 _aSidi Ifni-
_xHistoria.
_9160073
852 _aES-MaACL
_jT-905-F-5
999 _c21443
_d21443